000 00539nam a2200193Ia 4500
005 20250423100755.0
008 250422s9999 xx 000 0 und d
020 _a0130484687
050 _aPE 1128 .B587/
100 _aBlanchard, Karen
245 0 _aReady to write more : from paragraph to essay
250 _a2nd ed.
260 _aNew York
260 _bLongman
260 _c2003
300 _a183 p
650 _a English language --Textbooks for foreign speakers. English language --Composition and exercises.
942 _cBK
999 _c34298
_d34298